Na Troch kráľov v skanzene

Bibliographic Details
Main Author: Barlíková, Otília (Author)
Format: Article
Language:Slovak
PhysicalDescription:Fotogr.
ISSN:1338-0346
Subjects:

MARC

LEADER 00000nab a2200000 a 4500
001 vtls010335755
003 SK-MaSNL
005 20260303190051.0
008 120118c2012 xo wr 0 0slo
038 |a SLLK 
040 |a SLLK  |b slo  |c sllk  |e AACR2 
041 |a slo 
044 |a xo  |c SK 
080 |a 069.013  |2 2001 
100 1 |a Barlíková, Otília  |4 aut  |9 562464 
245 1 0 |a Na Troch kráľov v skanzene  |c Otília Barlíková 
300 |b Fotogr. 
610 2 7 |a Ľubovnianske múzeum (Stará Ľubovňa, Slovensko)  |2 sllk  |9 33159 
610 2 7 |a Kostol sv. Michala archanjela z Matysovej (Stará Ľubovňa, Slovensko)  |2 sllk  |9 1217967 
648 7 |a 2012  |2 snkbucl  |9 326619 
650 0 7 |a liturgia  |2 sllk  |9 1990 
651 7 |a Stará Ľubovňa (Slovensko)  |2 sllk  |9 19193 
773 0 |t Ľubovnianske noviny  |g Roč. XXXVII, č. 2 (2012), s. 4  |x 1338-0346 
999 |c 2134413  |d 2136343